MLB 2022 Starting Lineups - Statistics

General Stats
  • This quiz has been taken 625 times
  • The average score is 108 of 300
Answer Stats
Team # Player PO % Correct
Arizona Diamondbacks 2 Ketel Marte 2B
74%
Arizona Diamondbacks 5 Pavin Smith RF
68%
Houston Astros 1 Jose Altuve 2B
67%
Houston Astros 3 Alex Bregman 3B
64%
Philadelphia Phillies 3 Bryce Harper RF
63%
New York Mets 1 Starling Marte RF
63%
Houston Astros 4 Yordan Alvarez LF
63%
Atlanta Braves 2 Matt Olson 1B
60%
Atlanta Braves 3 Austin Riley 3B
59%
Los Angeles Dodgers 3 Trea Turner SS
59%
Los Angeles Dodgers 6 Will Smith C
59%
Los Angeles Dodgers 4 Justin Turner DH
58%
Oakland Athletics 7 Kevin Smith 3B
58%
Los Angeles Angels 2 Mike Trout CF
58%
Los Angeles Dodgers 1 Mookie Betts RF
58%
Atlanta Braves 5 Ozzie Albies 2B
58%
Philadelphia Phillies P Aaron Nola P
57%
San Diego Padres 1 Austin Nola C
57%
Washington Nationals 4 Josh Bell 1B
57%
Philadelphia Phillies 2 J.T. Realmuto C
57%
Toronto Blue Jays 5 Lourdes Gurriel Jr. LF
57%
Los Angeles Angels 1 Shohei Ohtani DH
57%
Los Angeles Angels P Shohei Ohtani P
57%
New York Yankees 2 Aaron Judge RF
56%
San Diego Padres 2 Manny Machado 3B
56%
Houston Astros 5 Yuli Gurriel 1B
56%
Arizona Diamondbacks 4 Christian Walker 1B
55%
Los Angeles Dodgers 2 Freddie Freeman 1B
55%
Boston Red Sox 2 Rafael Devers 3B
55%
Baltimore Orioles 1 Cedric Mullins CF
54%
Washington Nationals 1 Cesar Hernandez 2B
54%
Pittsburgh Pirates 6 Cole Tucker RF
54%
Texas Rangers 3 Corey Seager SS
54%
Atlanta Braves 9 Dansby Swanson SS
54%
Boston Red Sox 1 Enrique Hernandez CF
54%
Washington Nationals 2 Juan Soto RF
54%
Houston Astros 6 Kyle Tucker RF
54%
Toronto Blue Jays 4 Teoscar Hernandez RF
54%
Philadelphia Phillies 1 Kyle Schwarber LF
53%
Atlanta Braves P Max Fried P
53%
St. Louis Cardinals 4 Nolan Arenado 3B
53%
St. Louis Cardinals 2 Paul Goldschmidt 1B
53%
Kansas City Royals 4 Salvador Perez C
52%
New York Yankees 3 Anthony Rizzo 1B
51%
Los Angeles Dodgers 8 Cody Bellinger CF
51%
Pittsburgh Pirates 8 Roberto Perez C
51%
Toronto Blue Jays 3 Vladimir Guerrero Jr. 1B
51%
Boston Red Sox 3 Xander Bogaerts SS
51%
Toronto Blue Jays 2 Bo Bichette SS
50%
Minnesota Twins 2 Carlos Correa SS
50%
Toronto Blue Jays 1 George Springer CF
50%
New York Yankees P Gerrit Cole P
50%
Philadelphia Phillies 5 Rhys Hoskins 1B
50%
Los Angeles Angels 3 Anthony Rendon 3B
49%
Milwaukee Brewers 3 Christian Yelich LF
49%
Colorado Rockies 4 C.J. Cron 1B
49%
Houston Astros 7 Jeremy Pena SS
49%
Chicago White Sox 3 Jose Abreu 1B
49%
Minnesota Twins 1 Byron Buxton CF
48%
Atlanta Braves 1 Eddie Rosario RF
48%
New York Yankees 4 Giancarlo Stanton DH
48%
Tampa Bay Rays 3 Harold Ramirez 1B
48%
Boston Red Sox 4 J.D. Martinez DH
48%
Arizona Diamondbacks 1 Daulton Varsho CF
47%
Seattle Mariners 8 J.P. Crawford SS
47%
Arizona Diamondbacks P Madison Bumgarner P
47%
Washington Nationals 7 Maikel Franco 3B
47%
Atlanta Braves 4 Marcell Ozuna LF
47%
Atlanta Braves 7 Travis d'Arnaud C
47%
Los Angeles Dodgers P Walker Buehler P
47%
Chicago Cubs 3 Willson Contreras C
47%
St. Louis Cardinals 7 Yadier Molina C
47%
San Francisco Giants 5 Brandon Crawford SS
46%
New York Mets 3 Francisco Lindor SS
46%
Cincinnati Reds 4 Joey Votto 1B
46%
Cleveland Guardians 3 Jose Ramirez 3B
46%
Seattle Mariners 7 Julio Rodriguez CF
46%
Texas Rangers 2 Marcus Semien 2B
46%
New York Mets 4 Pete Alonso 1B
46%
Tampa Bay Rays 2 Wander Franco SS
46%
San Diego Padres P Yu Darvish P
46%
Los Angeles Dodgers 7 Chris Taylor LF
45%
Detroit Tigers P Eduardo Rodriguez P
45%
Detroit Tigers 3 Javier Baez SS
45%
Chicago White Sox 2 Luis Robert CF
45%
Los Angeles Dodgers 5 Max Muncy 3B
45%
Kansas City Royals 8 Michael A. Taylor CF
45%
Washington Nationals 3 Nelson Cruz DH
45%
Philadelphia Phillies 4 Nick Castellanos DH
45%
Baltimore Orioles 2 Ryan Mountcastle 1B
45%
Baltimore Orioles 3 Trey Mancini DH
45%
Arizona Diamondbacks 6 Carson Kelly C
44%
New York Yankees 1 Josh Donaldson 3B
44%
Houston Astros 9 Martin Maldonado C
44%
Kansas City Royals 2 Bobby Witt Jr. 3B
43%
Arizona Diamondbacks 3 David Peralta LF
43%
Houston Astros P Framber Valdez P
43%
San Diego Padres 3 Jake Cronenworth 2B
43%
Boston Red Sox 6 Trevor Story 2B
43%
St. Louis Cardinals P Adam Wainwright P
42%
Boston Red Sox 5 Alex Verdugo LF
42%
Pittsburgh Pirates 2 Bryan Reynolds CF
42%
Minnesota Twins 7 Gary Sanchez DH
42%
St. Louis Cardinals 8 Harrison Bader CF
42%
Miami Marlins 3 Jesus Sanchez CF
42%
Colorado Rockies 2 Kris Bryant LF
42%
Texas Rangers 6 Adolis Garcia CF
41%
St. Louis Cardinals 5 Albert Pujols DH
41%
Cleveland Guardians 2 Amed Rosario LF
41%
San Francisco Giants 2 Brandon Belt 1B
41%
Milwaukee Brewers P Corbin Burnes P
41%
Los Angeles Dodgers 9 Gavin Lux 2B
41%
Milwaukee Brewers 1 Kolten Wong 2B
41%
Toronto Blue Jays 7 Matt Chapman 3B
41%
Miami Marlins P Sandy Alcantara P
41%
Milwaukee Brewers 2 Willy Adames SS
41%
Chicago White Sox 4 Yasmani Grandel C
41%
Tampa Bay Rays 5 Brandon Lowe 2B
40%
San Diego Padres 6 Eric Hosmer 1B
40%
Chicago White Sox 6 Leury Garcia SS
40%
Texas Rangers 5 Nathaniel Lowe 1B
40%
Tampa Bay Rays 4 Randy Arozarena LF
40%
Seattle Mariners P Robbie Ray P
40%
Tampa Bay Rays 1 Yandy Diaz 3B
40%
Atlanta Braves 6 Adam Duvall CF
39%
Washington Nationals 8 Alcides Escobar SS
39%
Miami Marlins 5 Avisail Garcia RF
39%
Tampa Bay Rays 7 Josh Lowe DH
39%
Toronto Blue Jays 6 Alejandro Kirk DH
38%
Colorado Rockies 1 Charlie Blackmon RF
38%
San Diego Padres 8 Ha-Seong Kim SS
38%
Cincinnati Reds 1 Jonathan India 2B
38%
Houston Astros 2 Michael Brantley DH
38%
Cleveland Guardians P Shane Bieber P
38%
St. Louis Cardinals 9 Tommy Edman 2B
38%
Baltimore Orioles 5 Anthony Santander LF
37%
New York Yankees 5 DJ LeMahieu 2B
37%
Colorado Rockies 8 Elias Diaz C
37%
Boston Red Sox 8 Jackie Bradley Jr. RF
37%
Philadelphia Phillies 7 Jean Segura 2B
37%
New York Mets 8 Jeff McNeil LF
37%
Pittsburgh Pirates 3 Ke'Bryan Hayes 3B
37%
Detroit Tigers 5 Miguel Cabrera DH
37%
Boston Red Sox P Nathan Eovaldi P
37%
Boston Red Sox 7 Bobby Dalbec 1B
36%
Boston Red Sox 9 Christian Vazquez C
36%
Seattle Mariners 5 Eugenio Suarez 3B
36%
Chicago Cubs 4 Ian Happ LF
36%
Seattle Mariners 3 Jesse Winker LF
36%
Baltimore Orioles P John Means P
36%
Seattle Mariners 2 Ty France 1B
36%
St. Louis Cardinals 3 Tyler O'Neill LF
36%
Los Angeles Angels 6 Jared Walsh 1B
35%
Miami Marlins 9 Jazz Chisholm Jr. 2B
35%
Oakland Athletics 3 Sean Murphy C
35%
Kansas City Royals 1 Whit Merrifield RF
35%
New York Yankees 7 Aaron Hicks CF
34%
Cleveland Guardians 5 Bobby Bradley 1B
34%
Toronto Blue Jays 9 Cavan Biggio 2B
34%
New York Mets 5 Eduardo Escobar 3B
34%
Chicago White Sox 5 Eloy Jimenez LF
34%
New York Yankees 6 Joey Gallo LF
34%
Miami Marlins 1 Jorge Soler LF
34%
Toronto Blue Jays P Jose Berrios P
34%
San Francisco Giants P Logan Webb P
34%
Chicago White Sox P Lucas Giolito P
34%
Baltimore Orioles 6 Ramon Urias 2B
34%
Milwaukee Brewers 4 Andrew McCutchen DH
33%
Texas Rangers P Jon Gray P
33%
Chicago Cubs P Kyle Hendricks P
33%
Chicago Cubs 9 Nico Hoerner SS
33%
St. Louis Cardinals 6 Paul DeJong SS
33%
Milwaukee Brewers 5 Rowdy Tellez 1B
33%
San Diego Padres 9 Trent Grisham CF
33%
New York Yankees 9 Isiah Kiner-Falefa SS
32%
Chicago Cubs 7 Jason Heyward CF
32%
Chicago Cubs 8 Patrick Wisdom 3B
32%
Chicago Cubs 6 Seiya Suzuki RF
32%
Kansas City Royals P Zach Greinke P
32%
Seattle Mariners 1 Adam Frazier 2B
31%
Baltimore Orioles 4 Austin Hays RF
31%
Los Angeles Angels 8 Brandon Marsh RF
31%
Houston Astros 8 Chas McCormick CF
31%
Pittsburgh Pirates 1 Daniel Vogelbach DH
31%
Minnesota Twins 4 Gio Urshela 3B
31%
San Francisco Giants 4 Joc Pederson LF
31%
Minnesota Twins 5 Miguel Sano 1B
31%
Kansas City Royals 5 Carlos Santana 1B
30%
Toronto Blue Jays 8 Danny Jansen C
30%
Los Angeles Angels 9 David Fletcher SS
30%
Philadelphia Phillies 6 Didi Gregorius SS
30%
New York Mets 9 James McCann C
30%
Baltimore Orioles 7 Jorge Mateo SS
30%
Miami Marlins 7 Miguel Rojas SS
30%
Tampa Bay Rays 6 Mike Zunino C
30%
Seattle Mariners 4 Mitch Haniger RF
30%
Washington Nationals P Patrick Corbin P
30%
Oakland Athletics 1 Tony Kemp 2B
30%
San Diego Padres 5 Wil Myers RF
30%
Philadelphia Phillies 8 Bryson Stott 3B
29%
St. Louis Cardinals 1 Dylan Carlson RF
29%
Minnesota Twins 9 Max Kepler RF
29%
Los Angeles Angels 7 Max Stassi C
29%
Cleveland Guardians 1 Myles Straw CF
29%
Arizona Diamondbacks 7 Seth Beer DH
29%
Kansas City Royals 3 Andrew Benintendi LF
28%
San Francisco Giants 9 Joey Bart C
28%
Minnesota Twins 3 Jorge Polanco 2B
28%
Washington Nationals 5 Keibert Ruiz C
28%
Tampa Bay Rays 9 Kevin Kiermaier CF
28%
San Diego Padres 4 Luke Voit DH
28%
Miami Marlins 4 Jesus Aguilar DH
27%
San Francisco Giants 1 Mike Yastrzemski RF
27%
Texas Rangers 4 Mitch Garver C
27%
Kansas City Royals 9 Nicky Lopez 2B
27%
Cleveland Guardians 7 Steven Kwan RF
27%
Chicago White Sox 1 AJ Pollock RF
26%
Chicago Cubs 5 Frank Schwindel 1B
26%
New York Yankees 8 Kyle Higashioka C
26%
Tampa Bay Rays P Shane McClanahan P
26%
Atlanta Braves 8 Alex Dickerson DH
25%
Cleveland Guardians 4 Franmil Reyes DH
25%
Milwaukee Brewers 6 Hunter Renfroe RF
25%
Miami Marlins 8 Jacob Stallings C
25%
San Diego Padres 7 Jurickson Profar LF
25%
Milwaukee Brewers 8 Lorenzo Cain CF
25%
Chicago Cubs 2 Nick Madrigal 2B
25%
Washington Nationals 9 Victor Robles CF
25%
Kansas City Royals 7 Adalberto Mondesi SS
24%
Cleveland Guardians 9 Andres Gimenez SS
24%
Seattle Mariners 9 Cal Raleigh C
24%
Arizona Diamondbacks 9 Geraldo Perdomo SS
24%
New York Mets 2 J.D. Davis DH
24%
Los Angeles Angels 5 Jo Adell LF
24%
New York Mets 7 Mark Canha CF
24%
Colorado Rockies 5 Ryan McMahon 3B
24%
Cincinnati Reds 5 Tyler Stephenson C
24%
Miami Marlins 2 Garrett Cooper 1B
23%
Chicago White Sox 7 Josh Harrison 2B
23%
Washington Nationals 6 Lane Thomas LF
23%
Cincinnati Reds 3 Tommy Pham LF
23%
Texas Rangers 7 Kole Calhoun RF
22%
Milwaukee Brewers 7 Omar Narvaez C
22%
Oakland Athletics 5 Seth Brown 1B
22%
Detroit Tigers 8 Spencer Torkelson 1B
22%
Texas Rangers 9 Willie Calhoun DH
22%
San Francisco Giants 6 Wilmer Flores 3B
22%
Cleveland Guardians 8 Austin Hedges C
21%
Colorado Rockies 3 Brendan Rodgers 2B
21%
San Francisco Giants 3 Darin Ruf DH
21%
Oakland Athletics 6 Elvis Andrus SS
21%
Oakland Athletics P Frankie Montas P
21%
Kansas City Royals 6 Hunter Dozier DH
21%
Detroit Tigers 6 Jonathan Schoop 2B
21%
Chicago White Sox 8 Andrew Vaughn DH
20%
Detroit Tigers 2 Austin Meadows LF
20%
Detroit Tigers 4 Jeimer Candelario 3B
20%
Minnesota Twins P Joe Ryan P
20%
Colorado Rockies P Kyle Freeland P
20%
Detroit Tigers 7 Akil Baddoo CF
19%
Texas Rangers 1 Brad Miller LF
19%
Cincinnati Reds 9 Brandon Drury 3B
19%
Miami Marlins 6 Joey Wendle 3B
19%
Cincinnati Reds 8 Kyle Farmer SS
19%
Cincinnati Reds 7 Mike Moustakas DH
19%
Baltimore Orioles 8 Robinson Chirinos C
19%
Cincinnati Reds 2 Aristides Aquino RF
18%
Colorado Rockies 6 Connor Joe DH
18%
Pittsburgh Pirates 5 Kevin Newman SS
18%
New York Mets 6 Robinson Cano 2B
18%
Arizona Diamondbacks 8 Drew Ellis 3B
17%
Seattle Mariners 6 Jarred Kelenic DH
17%
Colorado Rockies 9 Jose Iglesias SS
17%
Tampa Bay Rays 8 Manuel Margot RF
17%
Chicago Cubs 1 Rafael Ortega DH
17%
Detroit Tigers 1 Robbie Grossman RF
17%
San Francisco Giants 7 Thairo Estrada 2B
17%
Detroit Tigers 9 Tucker Barnhart C
17%
New York Mets P Tylor Megill P
17%
Chicago White Sox 9 Jake Burger 3B
16%
Cincinnati Reds 6 Nick Senzel CF
16%
Cincinnati Reds P Tyler Mahle P
16%
Philadelphia Phillies 9 Matt Vierling CF
15%
Oakland Athletics 9 Cristian Pache CF
14%
Colorado Rockies 7 Randal Grichuk CF
14%
Pittsburgh Pirates 7 Ben Gamel LF
13%
Milwaukee Brewers 9 Jace Peterson 3B
13%
Pittsburgh Pirates P J.T. Brubaker P
13%
Los Angeles Angels 4 Matt Duffy 2B
13%
Pittsburgh Pirates 4 Yoshi Tsutsugo 1B
13%
Baltimore Orioles 9 Kelvin Gutierrez 3B
12%
Minnesota Twins 8 Ryan Jeffers C
12%
Oakland Athletics 8 Stephen Piscotty RF
12%
Minnesota Twins 6 Alex Kirilloff LF
11%
Texas Rangers 8 Andy Ibanez 3B
11%
Pittsburgh Pirates 9 Hoy Park 2B
11%
San Francisco Giants 8 Steven Duggar CF
11%
Oakland Athletics 4 Chad Pinder LF
9%
Cleveland Guardians 6 Yu Chang 2B
9%
Oakland Athletics 2 Billy McKinney DH
6%
No matching quizzes found
Score Distribution
Percent of People with Each Score
Percentile by Number Answered
Your Score History
You have not taken this quiz